Płazy. - Statystyki

Ogólne statystyki
  • Ten quiz został rozwiązany 301 razy
    284 od ostatniego zresetowania
  • Średni wynik to 8 z 15
Statystyki odpowiedzi
Zagadnienie Odpowiedź % Poprawnych
Gdzie nie żyją płazy? Na Antarktydzie
91%
Czy płazy są zmiennocieplne? Tak
82%
Czy płazy są kręgowcami? Tak
82%
Jak nazywa się najbardziej trujący/jadowity płaz? Liściołaz żółty
64%
Gdzie żyje najmniejszy płaz - żaba - Paedophryne amauensis Papua Nowa-Gwinea
64%
Jak nazywa się największy gatunek płaza? Salamandra olbrzymia japońska/chińska
64%
Czy kijanki mają skrzela? Tak
64%
Który z tych zwierząt NIE należy do płazów? Żmija zygzakowata
64%
Naukowcy jakiego państwa wychodowali przezroczystą żabę? Japoni
55%
Gdzie żyją płazy? Ląd,(w gruncie),drzewa,wody słodkie
45%
Czy dorosłe osobniki mają skrzela? Nie
45%
Ile w Polsce żyje gatunków płazów? 19
36%
Kiedy pojawiły się pierwsze płazy? ok. 400 milionów lat temu
36%
Ile na świecie występuje gatunków płazów? około 7000
27%
Ile procent wszystkich płazów to płazy bezogonowe? 90%
18%
Nie znaleziono quizów pasujących do podanych kryteriów
Rozkład punktacji
Procent ludzi z każdym wynikiem
Percentyl według liczby udzielonych odpowiedzi
Twoja historia wyników
Nie rozwiązałeś tego quizu od ostatniego zresetowania